Lanean...

Ttrain your brain

Xehetasun bibliografikoak
Egile nagusia: Jayasimha
Formatua: Printed Book
Argitaratua: Neelkamal Publications 2007
Gaiak:
LEADER 00484nam a22001577a 4500
020 |a 8183160387 
082 |a 612.82  |b JAY/T 
100 |a Jayasimha 
245 |a Ttrain your brain 
260 |b Neelkamal Publications  |c 2007 
300 |a 200p. 
650 |a Brain 
650 |a Memory techniques 
942 |c BK 
999 |c 42078  |d 42078 
952 |0 0  |1 0  |4 0  |6 612_820000000000000_JAYT  |7 0  |8 Stack  |9 45695  |a KUCL  |b KUCL  |c Stack  |d 2016-10-05  |g 165.00  |l 1  |o 612.82 JAY/T  |p 43421  |r 2019-04-08  |s 2019-03-25  |w 2016-10-05  |y BK